MDQL
is popping MORE tags! Check the
thread
!
Quizzes
Events
Quiz Creation
Community
Videos
Private Events
Remove Ads
Sign In
Join for FREE
Feedback
Dark Mode
Quiz Categories
Sports
Geography
Music
Movies
Television
Just For Fun
Miscellaneous
History
Literature
Language
Science
Gaming
Entertainment
Religion
Holiday
For Kids
Quiz Lab
Recent
Popular Today
Quiz Kudos Today
Editor Picks
Curator Picks
Quizzes by...
Day
Popularity
Type
Ratings
Length
Year
Community
Subscriptions
Recent Discussions
Orange Saloon
Badges
Playlists
Quests
Create
Leaderboards
Showdown
Live 5
Trivia Bingo
Activity
Puzzle Library
Sporcle Events
Private Events
Virtual Trivia
Globe League
Become a Host
Pub Owners
SporcleCon
Opinionation
Our Games
Videos
Blog
Mobile Apps
Partnerships
Remove Ads and Go Orange
Feedback
Sports
Athletes
MLB
NBA
NHL
NFL
Soccer
Sports Teams
WWE
NCAA
Football
Premier League
Basketball
Baseball
Hockey
Golf
Tennis
Cricket
Rugby
Auto Racing
Olympics
World Cup
Sports
Athletes
MLB
NBA
NHL
NFL
Soccer
Sports Teams
WWE
NCAA
Football
Premier League
Basketball
Baseball
Hockey
Golf
Tennis
Cricket
Rugby
Auto Racing
Olympics
World Cup
Random Quiz
Search Sporcle
×
Quiz Lab
Quiz Lab
Sports
College
Type in answers that appear in a list
Type in answers that appear in a list
Classic
Best Score? Go Orange.
2010 SEC Football Results Stats
Can you name the Winners of Each of These 2010 College Football Games?
By
ecu_pirate_91_
10m
49 Questions
103 Plays
103 Plays
103 Plays
Comments
Comments
Give Quiz Kudos
Give Quiz Kudos
-
- Ratings
hide this ad
Forced Order
Answers have to be entered in order
Answers have to be entered in order
Wrong Answers
Some wrong answers will appear in red
Some wrong answers will appear in red
Replay
Link that replays current quiz
Next Quiz
Link to next quiz in quiz playlist
You Got
0%
They Got
Avg Score
74%
Avg Friend Score
Upgrade to see
Score Distribution
Jump to the score distribution portion of the page
Score
0/49
Timer
10:00
0
Plays Today
Game
Winner
% Correct
Auburn vs. Mississippi State
???
97.1%
LSU vs. Vanderbilt
???
95.1%
Mississippi State vs. LSU
???
95.1%
Florida vs. Tennessee
???
94.2%
South Carolina vs. Auburn (Regular Season)
???
92.2%
Vanderbilt vs. Georgia
???
89.3%
Ole Miss vs. Alabama
???
88.3%
Tennessee vs. LSU
???
87.4%
Auburn vs. Kentucky
???
85.4%
LSU vs. Florida
???
83.5%
Alabama vs. Arkansas
???
81.6%
Arkansas vs. Ole Miss
???
79.6%
Kentucky vs. Ole Miss
???
78.6%
Arkansas vs. Auburn
???
78.6%
Alabama vs. South Carolina
???
76.7%
Kentucky vs. Florida
???
74.8%
Alabama vs. Tennessee
???
71.8%
Tennessee vs. Georgia
???
68%
Georgia vs. South Carolina
???
66%
Arkansas vs. Georgia
???
64.1%
Vanderbilt vs. Ole Miss
???
56.3%
Florida vs. Alabama
???
56.3%
Georgia vs. Mississippi State
???
53.4%
South Carolina vs. Kentucky
???
51.5%
Mississippi State vs. Florida
???
44.7%
Game
Winner
% Correct
South Carolina vs. Vanderbilt
???
44.7%
Auburn vs. Ole Miss
???
44.7%
South Carolina vs. Auburn (SEC Championship)
???
44.7%
Florida vs. Vanderbilt
???
43.7%
Arkansas vs. Vanderbilt
???
42.7%
Mississippi State vs. Alabama
???
42.7%
Georgia vs. Kentucky
???
40.8%
Auburn vs. Georgia
???
40.8%
LSU vs. Ole Miss
???
40.8%
Alabama vs. Auburn
???
39.8%
Tennessee vs. Vanderbilt
???
38.8%
Kentucky vs. Tennessee
???
37.9%
Tennessee vs. South Carolina
???
35.9%
Arkansas vs. Mississippi State
???
35.9%
Kentucky vs. Mississippi State
???
35%
Auburn vs. LSU
???
34%
Georgia vs. Florida
???
32%
Kentucky vs. Vanderbilt
???
27.2%
Alabama vs. LSU
???
26.2%
South Carolina vs. Florida
???
25.2%
Ole Miss vs. Tennessee
???
24.3%
Mississippi State vs. Ole Miss
???
19.4%
Arkansas vs. South Carolina
???
17.5%
LSU vs. Arkansas
???
5.8%
Quiz Playlist
Details
Report
Send in Message
Add To Playlist
Classic:
Type in answers that appear in a list
Forced Order:
Answers have to be entered in order
Wrong Answers:
Some wrong answers will appear in red
Last Updated: Feb 16, 2017
Quiz Scoreboard
CHALLENGE
Sign Up to Join the Scoreboard
Show All
Scores
Hide
Comments
May contain spoilers
Recently Published
Colored Red Africa Blitz
by spor1
Geography
30s
Find the 'City' Movie
by crazypaving
Movies
60s
5x2 Blitz: Bands
by SL_Kpop136
Music
30s
More to Explore
Quiz From the Vault
Featured Blog Post
14 Easter Pick-up Lines to Find Eggs With
hide this ad
You Might Also Like...
Tags
College Quiz
Football Quiz
2010
NCAA Football
result
SEC
Winner
Today's Top Quizzes in Sports
Browse Sports
hide this ad
Today's Top Quizzes in College
Browse College
Top Contributed Quizzes in Sports
1
Players with Multiple 50 Home Run Seasons
2
Who Needs Fielders?
3
Criteria MLB: Left Handed Sluggers
4
MLB Players with Two .350 Batting Average Seasons
5
Who Hit More Homers?
6
2020 F1 Drivers Logic Puzzle
7
NBA Teammate Connections
8
Premier League Clubs since 2000 (minefield)
9
MLB Teams by First Game
10
Top 10 NHL Goal Scorers of All Time
Explore More
Trending Topics
Anime
Disney
Marvel
Kpop
Crossword
Harry Potter
NBA
Puzzle
WWE
Country
NFL
Song
The Office
Pokémon
Soccer
hide this ad
More By:
ecu_pirate_91_
Quiz
Plays
Rating
Category
Featured
Created
2010 SEC Football Results
103
5.00
Sports
Sep 16, 2011
Go to Creator's Profile
Score Distribution
Quiz Creator Spotlight
ecu_pirate_91_
Follow
Send a Message
Quizzes Created
-
Created Quiz Play Count
-
More By This Creator
Popular Quizzes Today
1
5x2 Blitz: Bands
2
Find the 'City' Movie
3
Colored Red Africa Blitz
4
Find the US States - No Outlines Minefield
5
The Countries of the World
6
Find the US States
7
9x9 Crossword: Cartoon Network
8
US States
More Sports Quizzes
MLB Top 10s Since 2000
Published
Trending Quizzes
Colored Red Africa Blitz II
Colored Red Europe Blitz I
Christmas Pick: Judaism
Colored Red Africa Blitz III
Colored Red Europe Blitz II
Recently Updated
Champions League XIs: Real Madrid
pecheneg
Largest US Cities 1790-2010
pecheneg
Rides in Walt Disney World
pecheneg
Most Oscar Losses (Acting)
pecheneg
Beyoncé Albums
pecheneg
Leaping Animals
pecheneg
Reality TV Shows (A-Z)
bhenderson79
Rickey Henderson's Hall of Fame Teammates
pecheneg
Champions League XIs: Arsenal
pecheneg
Quick Pick: Celebrities in WWE's Hall of Fame
aduchscher
Trending Topics
Crossword
Harry Potter
NBA
Disney
Anime
Marvel
Kpop
Song
Puzzle
WWE
Country
Soccer
The Office
Pokémon
NFL
Your Account Isn't Verified!
In order to create a playlist on Sporcle, you need to verify the email address you used during registration. Go to your
Sporcle Settings
to finish the process.
Report this User
Report this user for behavior that violates our
Community Guidelines
.
Details:
Send Report
Go to the Sporcle.com Mobile Site →
Comments